header

Voices from Africa and beyond (Record no. 142902)

MARC details
000 -LEADER
fixed length control field 01083nam a2200289 a 4500
100 1# - MAIN ENTRY--AUTHOR NAME
Personal name Ayuninjam, Funwi F.
245 10 - TITLE STATEMENT
Title Voices from Africa and beyond
260 ## - PUBLICATION, DISTRIBUTION, ETC. (IMPRINT)
Place of publication Bamenda, Cameroon :
Name of publisher Langaa RPCIG,
Year of publication 2011.
300 ## - PHYSICAL DESCRIPTION
Number of Pages v, 60 p.
650 #0 - SUBJECT ADDED ENTRY--TOPICAL TERM
Topical Term African poetry (English)
856 40 - ELECTRONIC LOCATION AND ACCESS
Uniform Resource Identifier http://site.ebrary.com/lib/rucke/Doc?id=10524393

No items available.

© 2026 Rongo University
Contact us: librarian | system librarian | Rongo university